00766nam a2200229 a 450000100060000000300080000600500170001400800410003103500190007204000270009104100110011808200220012910000210015124501160017226000510028830000340033950000430037350400320041665000120044870000410046070000350050172653BD-RjUL20211209082307.0170522s1967 mauac b 001 0 eng d a(BD-RjUL)72871 aDLCcDLCdBD-RjULbeng1 aengund00a581223bDOO 19671 aDostál, Rudolf10aOn Integration in Plants /c Rudolf Dostál ;Translated by Jana Moravkova Kiely. Edited by Kenneth V. Thimann. aCambridge :bHarvard University Press,cc1967. axxi, 218 p. :bill. ;c22 cm. aTranslation of O celistyosti rostliny. aBibliography: p. [203]-212. 0aBotany. aTranslated by Kiely, Jana Moravkova  aEdited by Thimann, Kenneth V.